000 00321nam a2200133Ia 4500
008 150201s2006 xx 000 0 und d
082 _a617.3
_bH06G
100 _aGOPALAN U, HITESH
245 _aHB OF ORTHOPAEDICS
250 _a1ST
260 _bJAYPEE BROTHERS
_aDELHI
_c2006
650 _aORTHOPAEDICS
942 _2ddc
_cBK
999 _c1056
_d1056